Dění v mezinárodních vztazích aneb jaltský mýtus
Informácia o dohodách na Jalte. Pojem jaltského rozdelenia. Jaltské rozdelenie ako nástroj v medzinárodnej politike.
Salvato in:
| Autore principale: | |
|---|---|
| Natura: | Capitolo di libro |
| Lingua: | ceco |
| Soggetti: | |
| Tags: |
Nessun Tag, puoi essere il primo ad aggiungerne!!
|
MARC
| LEADER | 00000naa a2200000 4500 | ||
|---|---|---|---|
| 001 | r049655 | ||
| 005 | 20231004105919.2 | ||
| 041 | 0 | |a cze | |
| 044 | |a CZ | ||
| 245 | 1 | 0 | |a Dění v mezinárodních vztazích aneb jaltský mýtus |c Pavel Grim |
| 520 | |a Informácia o dohodách na Jalte. Pojem jaltského rozdelenia. Jaltské rozdelenie ako nástroj v medzinárodnej politike. | ||
| 610 | 2 | 0 | |a politika medzinárodná |
| 610 | 2 | 0 | |a história |
| 610 | 2 | 0 | |a USA |
| 610 | 2 | 0 | |a Európa |
| 610 | 2 | 0 | |a ZSSR |
| 610 | 2 | 0 | |a vzťahy politické medzinárodné |
| 610 | 2 | 0 | |a konferencie |
| 100 | 1 | |a Grim, Pavel | |